000 01427cam a22003375i 4500
999 _c27826
_d27797
001 011945145
003 EG-ScBUE
005 20191215111212.0
008 950818s2009 enk f b 001 0 eng d
020 _a0194421481 (pbk)
020 _a9780194421485
040 _aUk
_beng
_erda
_cUk
_dEG-ScBUE
082 0 4 _a418
_bPRI
_222
245 0 0 _aPrinciple & practice in applied linguistics :
_bstudies in honour of H. G. Widdowson /
_ceditors Guy Cook, Barbara Seidlhofer.
246 3 _aPrinciple and practice in applied linguistics :
_bstudies in honour of H. G. Widdowson
264 1 _aOxford ;
_aNew York :
_bOxford University Press,
_c2009.
300 _axi, 431 pages ;
_c24 cm
336 _atext
_btxt
_2rdacontent
337 _aunmediated
_bn
_2rdamedia
338 _avolume
_bnc
_2rdacarrier
504 _aIncludes bibliographical references and index.
520 _aThis volume provides a wide-ranging overview of the diverse issues in applied linguistics today. The contributors consider the relation of their own areas of enquiry both to professional practice and to the discipline as a whole.
600 1 7 _aWiddowson, H. G.
_2BUEsh
_97767
650 7 _aApplied linguistics.
_2BUEsh
_95726
653 _bHHUUEENN
_cNovember2019
655 _vReading book
700 1 _aCook, Guy,
_q(Guy W. D.)
_eeditor.
700 1 _aSeidlhofer, Barbara,
_eeditor.
700 1 _aWiddowson, H. G.,
_ehonoree.
_97767
942 _2ddc
_cBB